|
|
|
|
| LEADER |
01561nam a2200385 a 4500 |
| 001 |
EBC675657 |
| 003 |
MiAaPQ |
| 005 |
20200520144314.0 |
| 006 |
m o d | |
| 007 |
cr cn||||||||| |
| 008 |
110418s2011 ne a sb 001 0 eng d |
| 020 |
|
|
|z 9789089642523
|
| 020 |
|
|
|a 9789048513055 (electronic bk.)
|
| 035 |
|
|
|a (MiAaPQ)EBC675657
|
| 035 |
|
|
|a (Au-PeEL)EBL675657
|
| 035 |
|
|
|a (CaPaEBR)ebr10459456
|
| 035 |
|
|
|a (CaONFJC)MIL305030
|
| 035 |
|
|
|a (OCoLC)713010192
|
| 040 |
|
|
|a MiAaPQ
|c MiAaPQ
|d MiAaPQ
|
| 043 |
|
|
|a e------
|
| 050 |
|
4 |
|a HB99.3
|b .W45 2011
|
| 100 |
1 |
|
|a Weishaupt, J. Timo.
|
| 245 |
1 |
0 |
|a From the manpower revolution to the activation paradigm
|h [electronic resource] :
|b explaining institutional continuity and change in an integrating Europe /
|c J. Timo Weishaupt.
|
| 260 |
|
|
|a Amsterdam :
|b Amsterdam University Press,
|c 2011.
|
| 300 |
|
|
|a 394 p. :
|b ill.
|
| 490 |
1 |
|
|a Changing welfare states
|
| 504 |
|
|
|a Includes bibliographical references and index.
|
| 505 |
0 |
|
|a pt. 1. Origin and crisis of European labour market policy regimes -- pt. 2. The emergence of the activation paradigm.
|
| 533 |
|
|
|a Electronic reproduction. Ann Arbor, MI : ProQuest, 2015. Available via World Wide Web. Access may be limited to ProQuest affiliated libraries.
|
| 650 |
|
0 |
|a Welfare economics
|z Europe.
|
| 650 |
|
0 |
|a Welfare state.
|
| 655 |
|
4 |
|a Electronic books.
|
| 710 |
2 |
|
|a ProQuest (Firm)
|
| 830 |
|
0 |
|a Changing welfare states.
|
| 856 |
4 |
0 |
|u https://ebookcentral.proquest.com/lib/matrademy/detail.action?docID=675657
|z Click to View
|